Normal view MARC view

Entry Personal Name

Number of records used in: 2

001 - CONTROL NUMBER

  • control field: 21672

003 - CONTROL NUMBER IDENTIFIER

  • control field: dpl

005 - DATE AND TIME OF LATEST TRANSACTION

  • control field: 20100925151400.0

008 - FIXED-LENGTH DATA ELEMENTS

  • fixed length control field: 100925|||a|||||| | ||| d

040 ## - CATALOGING SOURCE

  • Original cataloging agency: dpl
  • Transcribing agency: dpl

100 ## - HEADING--PERSONAL NAME

  • Personal name: Shekhar, Sunjoy

670 ## - SOURCE DATA FOUND

  • Source citation: Work cat.: (dpl)35722: Gulazāra 21669, 100 lyrics /, 2009

670 ## - SOURCE DATA FOUND

  • Source citation: Work cat.: (dpl)35722: Gulazāra 21669, 100 lyrics /, 2009

© Delhi Public Library
Hit Counter
free hit counter